[Event "Pyramiden Franken Cup 4th"]
[Site "Fuerth"]
[Date "2001.08.23"]
[Round "6"]
[White "Stefkovic, Marijan"]
[Black "Rabe, Thomas"]
[Result "1/2-1/2"]
[WhiteElo "1944"]
[BlackElo "2126"]
[PlyCount "44"]
[EventDate "2001.08.18"]
[EventType "swiss"]
[EventRounds "9"]
[EventCountry "GER"]
[SourceTitle "EXT 2010"]
[Source "ChessBase"]
[SourceDate "2010.11.25"]
[SourceVersion "1"]
[SourceVersionDate "2010.11.25"]
[SourceQuality "1"]

1. d4 Nc6 2. d5 Ne5 3. e4 Ng6 4. Bd3 e5 5. Be3 Bb4+ 6. c3 Ba5 7. Ne2 Nf6 8. h3 0-0 9. Na3 d6 10. Nc4 Bb6 11. Nxb6 axb6 12. Qd2 Bd7 13. c4 Re8 14. Ng3 Nh4 15. Kf1 Ng6 16. f3 Kh8 17. h4 Ne7 18. Ne2 Nfg8 19. g4 Rf8 20. Kg2 f6 21. Ng3 Qe8 22. a3 Qf7 1/2-1/2

[Event "Regionalliga NW 0001"]
[Site "Bayern"]
[Date "2001.01.28"]
[Round "5.5"]
[White "Vogt, Thomas1111"]
[Black "Rabe, Thomas"]
[Result "1/2-1/2"]
[WhiteElo "2376"]
[BlackElo "1965"]
[PlyCount "84"]
[EventDate "2000.10.15"]
[EventType "team-tourn"]
[EventRounds "9"]
[EventCountry "GER"]
[SourceTitle "EXT 2020"]
[Source "ChessBase"]
[SourceDate "2019.10.17"]
[SourceVersion "1"]
[SourceVersionDate "2019.10.17"]
[SourceQuality "1"]
[WhiteTeam "Wuerzburg II"]
[BlackTeam "Coburg"]
[WhiteTeamCountry "GER"]
[BlackTeamCountry "GER"]

1. e4 c5 2. Nf3 Nc6 3. d4 cxd4 4. Nxd4 Nf6 5. Nc3 e5 6. Ndb5 d6 7. Bg5 a6 8. Na3 b5 9. Bxf6 gxf6 10. Nd5 f5 11. g3 fxe4 12. Bg2 Be6 13. Bxe4 Rc8 14. c3 Bg7 15. Nc2 0-0 16. Ncb4 Nxb4 17. Nxb4 a5 18. Nd5 f5 19. Bg2 Rc5 20. 0-0 e4 21. Nf4 Bc4 22. Re1 b4 23. Bf1 Bf7 24. cxb4 axb4 25. Qd2 Qc7 26. Rec1 Rc8 27. Ne2 Qb6 28. Bh3 Rxc1+ 29. Rxc1 Rc5 30. b3 Qc6 31. Bxf5 d5 32. Qe3 Rxc1+ 33. Qxc1 Qa6 34. Qc8+ Qxc8 35. Bxc8 d4 36. Nf4 Be5 37. Kf1 Bxf4 38. gxf4 Bh5 39. Ke1 Kg7 40. h3 Bf3 41. Bd7 Kf6 42. Kd2 h6 1/2-1/2

[Event "Regionalliga NW 0001"]
[Site "Bayern"]
[Date "2000.12.10"]
[Round "3.5"]
[White "Wiener, Horst"]
[Black "Rabe, Thomas"]
[Result "1/2-1/2"]
[WhiteElo "2020"]
[BlackElo "1970"]
[PlyCount "176"]
[EventDate "2000.10.15"]
[EventType "team-tourn"]
[EventRounds "9"]
[EventCountry "GER"]
[SourceTitle "EXT 2020"]
[Source "ChessBase"]
[SourceDate "2019.10.17"]
[SourceVersion "1"]
[SourceVersionDate "2019.10.17"]
[SourceQuality "1"]
[WhiteTeam "Schweinfurt Fr"]
[BlackTeam "Coburg"]
[WhiteTeamCountry "GER"]
[BlackTeamCountry "GER"]

1. c4 g6 2. Nc3 Bg7 3. Nf3 d6 4. d4 Nc6 5. e3 e5 6. d5 Nce7 7. e4 f5 8. Bd3 Nf6 9. Bg5 0-0 10. Qd2 Bd7 11. h4 f4 12. 0-0-0 Nh5 13. Be2 h6 14. Bxe7 Qxe7 15. c5 Nf6 16. cxd6 cxd6 17. Kb1 Rab8 18. Rc1 b5 19. Bd3 Rfc8 20. Ne2 Ng4 21. Rxc8+ Rxc8 22. Nc1 Qd8 23. Rf1 Qb6 24. Nb3 Bf6 25. g3 fxg3 26. fxg3 Kg7 27. Qa5 Bd8 28. Qd2 Qe3 29. Qxe3 Nxe3 30. Rc1 Rxc1+ 31. Kxc1 Ng4 32. Nbd2 Bb6 33. Nf1 Nf2 34. Bc2 Bh3 35. N3d2 Bg2 36. b4 Bd4 37. a3 Kf7 38. Kb1 Kg7 39. Ka2 Nh1 40. Bd3 a6 41. a4 Nf2 42. Bc2 Kf7 43. axb5 axb5 44. Kb3 Ke7 45. Ka2 Kd7 46. Kb3 Kc7 47. Nh2 Bh3 48. Nhf3 Be3 49. Kc3 Kb6 50. Bd3 Nxd3 51. Kxd3 Bf2 52. Ke2 Bxg3 53. Kd3 Bg2 54. Ke2 Kc7 55. Ne1 Bh3 56. Nef3 Bg4 57. Kf1 Bf4 58. Kf2 Kd8 59. Nb3 Kd7 60. Nbd2 Ke7 61. Nb3 g5 62. hxg5 hxg5 63. Na5 Bd7 64. Nb3 g4 65. Nh4 Kf6 66. Ng2 Be8 67. Nh4 Bd7 68. Ng2 Kg5 69. Na5 g3+ 70. Kg1 Bd2 71. Nc6 Bg4 72. Kf1 Bf3 73. Ne1 Bxe1 74. Kxe1 Bxe4 75. Na7 Bd3 76. Nc8 Kh4 77. Nxd6 Kg5 78. Nf7+ Kf6 79. Nh6 Bc4 80. Ng4+ Kf5 81. Ne3+ Ke4 82. Nxc4 bxc4 83. d6 c3 84. d7 c2 85. Kd2 g2 86. d8Q g1Q 87. Qh4+ Kd5 88. Kxc2 Qg2+ 1/2-1/2

[Event "Regionalliga NW 0001"]
[Site "Bayern"]
[Date "2000.10.15"]
[Round "1.5"]
[White "Rabe, Thomas"]
[Black "Riedel, Hartmut"]
[Result "1/2-1/2"]
[WhiteElo "1970"]
[BlackElo "2050"]
[PlyCount "29"]
[EventDate "2000.10.15"]
[EventType "team-tourn"]
[EventRounds "9"]
[EventCountry "GER"]
[SourceTitle "EXT 2020"]
[Source "ChessBase"]
[SourceDate "2019.10.17"]
[SourceVersion "1"]
[SourceVersionDate "2019.10.17"]
[SourceQuality "1"]
[WhiteTeam "Coburg"]
[BlackTeam "Kronach"]
[WhiteTeamCountry "GER"]
[BlackTeamCountry "GER"]

1. c4 c5 2. Nf3 Nc6 3. Nc3 g6 4. d4 cxd4 5. Nxd4 Bg7 6. Nc2 d6 7. e4 f5 8. exf5 Bxf5 9. Be2 Nh6 10. 0-0 0-0 11. Be3 Bd7 12. Qd5+ Kh8 13. Qd2 Nf5 14. Rac1 Be6 15. b3 1/2-1/2

[Event "Passau op 7th"]
[Site "Passau"]
[Date "1999.04.04"]
[Round "5"]
[White "Knitl, Anton"]
[Black "Rabe, Thomas"]
[Result "1/2-1/2"]
[WhiteElo "2076"]
[BlackElo "1890"]
[PlyCount "36"]
[EventDate "1999.04.02"]
[EventType "swiss"]
[EventRounds "7"]
[EventCountry "GER"]
[SourceTitle "EXT 2000"]
[Source "ChessBase"]
[SourceDate "1999.11.16"]
[SourceVersion "1"]
[SourceVersionDate "1999.11.16"]
[SourceQuality "1"]

1. e4 c5 2. Nf3 Nc6 3. d4 cxd4 4. Nxd4 Nf6 5. Nc3 e5 6. Ndb5 d6 7. Bg5 a6 8. Na3 b5 9. Nd5 Be7 10. Bxf6 Bxf6 11. c3 0-0 12. Nc2 Bg5 13. a4 bxa4 14. Rxa4 a5 15. Bc4 Be6 16. Nce3 g6 17. 0-0 Kh8 18. Qe2 f5 1/2-1/2

[Event "Passau op 7th"]
[Site "Passau"]
[Date "1999.04.03"]
[Round "2"]
[White "Rabe, Thomas"]
[Black "Krenn, Dan Philipp"]
[Result "1/2-1/2"]
[WhiteElo "1890"]
[BlackElo "1602"]
[PlyCount "33"]
[EventDate "1999.04.02"]
[EventType "swiss"]
[EventRounds "7"]
[EventCountry "GER"]
[SourceTitle "EXT 2000"]
[Source "ChessBase"]
[SourceDate "1999.11.16"]
[SourceVersion "1"]
[SourceVersionDate "1999.11.16"]
[SourceQuality "1"]

1. c4 e6 2. d4 Nf6 3. Nf3 b6 4. a3 Bb7 5. Nc3 d5 6. Bg5 Be7 7. e3 0-0 8. Rc1 Nbd7 9. Bd3 c5 10. 0-0 Rc8 11. cxd5 Nxd5 12. Bxe7 Qxe7 13. Nxd5 Bxd5 14. dxc5 Nxc5 15. Bb1 Rfd8 16. Qe2 Qb7 17. Nh4 1/2-1/2

[Event "Passau op 7th"]
[Site "Passau"]
[Date "1999.04.03"]
[Round "4"]
[White "Rabe, Thomas"]
[Black "Perman, Torvald"]
[Result "1/2-1/2"]
[WhiteElo "1890"]
[BlackElo "2120"]
[PlyCount "85"]
[EventDate "1999.04.02"]
[EventType "swiss"]
[EventRounds "7"]
[EventCountry "GER"]
[SourceTitle "EXT 2000"]
[Source "ChessBase"]
[SourceDate "1999.11.16"]
[SourceVersion "1"]
[SourceVersionDate "1999.11.16"]
[SourceQuality "1"]

1. c4 c5 2. Nf3 Nf6 3. d4 cxd4 4. Nxd4 a6 5. Nc3 e6 6. e4 Qc7 7. a3 d6 8. Be2 Nbd7 9. 0-0 Be7 10. Be3 b6 11. Rc1 Bb7 12. f3 0-0 13. Bf2 Rac8 14. Nc2 Rfd8 15. Ne3 Qb8 16. b4 Qa8 17. Qb3 Ne5 18. Rfd1 g5 19. h3 Ng6 20. Ng4 Nd7 21. Na4 Bc6 22. Nxb6 Nxb6 23. Bxb6 Rd7 24. Bd4 Nf4 25. Bf1 e5 26. Bf2 Kg7 27. Ne3 Qb8 28. Nd5 Bd8 29. a4 Bxd5 30. cxd5 Bb6 31. Bxb6 Qxb6+ 32. Kh2 Rdc7 33. Rxc7 Rxc7 34. b5 axb5 35. axb5 Qf2 36. Qb4 Rc2 37. Qe1 Qc5 38. Kh1 h5 39. Qg3 Kh6 40. h4 f6 41. hxg5+ fxg5 42. Qe1 h4 43. Rd2 1/2-1/2

[Event "Regionalliga NW 9899"]
[Site "Bayern"]
[Date "1999.??.??"]
[Round "9.5"]
[White "Hauck, Juergen"]
[Black "Rabe, Thomas"]
[Result "1/2-1/2"]
[WhiteElo "1875"]
[BlackElo "1885"]
[PlyCount "72"]
[EventDate "1998.??.??"]
[EventType "team-tourn"]
[EventRounds "9"]
[EventCountry "GER"]
[SourceTitle "EXT 2020"]
[Source "ChessBase"]
[SourceDate "2019.10.17"]
[SourceVersion "1"]
[SourceVersionDate "2019.10.17"]
[SourceQuality "1"]
[WhiteTeam "Mainaschaff"]
[BlackTeam "Coburg"]
[WhiteTeamCountry "GER"]
[BlackTeamCountry "GER"]

1. e4 c5 2. Nf3 Nc6 3. d4 cxd4 4. Nxd4 Nf6 5. Nc3 e5 6. Ndb5 d6 7. Nd5 Nxd5 8. exd5 Ne7 9. c4 Nf5 10. Bd3 g6 11. 0-0 Bg7 12. Nc3 0-0 13. Re1 Bd7 14. Bd2 h6 15. Ne4 Qc7 16. Rc1 b6 17. b4 Nd4 18. c5 bxc5 19. bxc5 dxc5 20. Nxc5 Qd8 21. Bb4 Re8 22. Na6 Rc8 23. Qd2 Bb5 24. Bxb5 Nxb5 25. d6 Qd7 26. Qd5 Red8 27. Ba5 Rf8 28. Rb1 Nc3 29. Bxc3 Rxc3 30. Nc5 Qf5 31. Rbd1 Rc2 32. Rd2 Rxd2 33. Qxd2 Rd8 34. Nb7 Rd7 35. Nc5 Rd8 36. Rd1 Bf8 1/2-1/2

[Event "Regionalliga NW 9899"]
[Site "Bayern"]
[Date "1999.??.??"]
[Round "6.5"]
[White "Rabe, Thomas"]
[Black "Poppe, Heiko"]
[Result "0-1"]
[WhiteElo "1880"]
[BlackElo "1926"]
[PlyCount "46"]
[EventDate "1998.??.??"]
[EventType "team-tourn"]
[EventRounds "9"]
[EventCountry "GER"]
[SourceTitle "EXT 2020"]
[Source "ChessBase"]
[SourceDate "2019.10.17"]
[SourceVersion "1"]
[SourceVersionDate "2019.10.17"]
[SourceQuality "1"]
[WhiteTeam "Coburg"]
[BlackTeam "Bad Neustadt"]
[WhiteTeamCountry "GER"]
[BlackTeamCountry "GER"]

1. e4 e6 2. d4 d5 3. Nd2 Nf6 4. e5 Nfd7 5. c3 c5 6. Bd3 Nc6 7. Ne2 Qb6 8. Nf3 cxd4 9. cxd4 f6 10. exf6 Nxf6 11. 0-0 Bd6 12. Nc3 a6 13. Re1 0-0 14. Be3 Qc7 15. Bg5 Ng4 16. h3 Bh2+ 17. Kf1 Nxf2 18. Kxf2 Qg3+ 19. Ke3 Qxg2 20. Be2 h6 21. Bf1 Bg1+ 22. Nxg1 Qf2+ 23. Kd3 Nb4# 0-1

[Event "Passau op 6th"]
[Site "Passau"]
[Date "1998.04.10"]
[Round "1"]
[White "Rabe, Thomas"]
[Black "Brustman, Agnieszka"]
[Result "0-1"]
[WhiteElo "1940"]
[BlackElo "2385"]
[PlyCount "80"]
[EventDate "1998.04.10"]
[EventType "swiss"]
[EventRounds "7"]
[EventCountry "GER"]
[SourceTitle "EXT 1999"]
[Source "ChessBase"]
[SourceDate "1998.11.16"]
[SourceVersion "1"]
[SourceVersionDate "1998.11.16"]
[SourceQuality "1"]

1. d4 Nf6 2. c4 g6 3. Nc3 Bg7 4. g3 d5 5. cxd5 Nxd5 6. Bg2 Nb6 7. e3 0-0 8. Nge2 c6 9. 0-0 e5 10. dxe5 Bxe5 11. Qc2 Na6 12. a3 Nc7 13. e4 Bg7 14. Rd1 Qe7 15. Be3 Nc4 16. Bd4 Ne5 17. h3 Ne6 18. Be3 Nc4 19. Bc1 Rd8 20. Rxd8+ Qxd8 21. b3 Nd4 22. Nxd4 Qxd4 23. bxc4 Qxc3 24. Qxc3 Bxc3 25. Rb1 b6 26. Be3 Be6 27. c5 b5 28. Bf4 a5 29. e5 Rc8 30. Bc1 Bf5 31. Rb3 Bd4 32. Bf4 a4 33. Re3 Bxe3 34. Bxe3 b4 35. axb4 a3 36. Kh2 a2 37. Bd4 Rd8 38. Bc3 Rd3 39. Ba1 Rd1 40. Bc3 Bd7 0-1

[Event "Schachschule Erlangen op"]
[Site "Erlangen"]
[Date "1997.??.??"]
[Round "1"]
[White "Rabe, Stefanie"]
[Black "Rabe, Thomas"]
[Result "0-1"]
[WhiteElo "1400"]
[BlackElo "1940"]
[PlyCount "90"]
[EventDate "1997.10.31"]
[EventType "swiss"]
[EventRounds "5"]
[EventCountry "GER"]
[SourceTitle "EXT 1999"]
[Source "ChessBase"]
[SourceDate "1998.11.16"]
[SourceVersion "1"]
[SourceVersionDate "1998.11.16"]
[SourceQuality "1"]

1. e4 c5 2. Nf3 d6 3. Bc4 Nc6 4. 0-0 Nf6 5. Re1 e6 6. Nc3 Be7 7. d3 0-0 8. Be3 d5 9. exd5 exd5 10. Bb3 d4 11. Bd2 dxc3 12. Bxc3 Bg4 13. Qe2 Bd6 14. Qe3 Re8 15. Qg5 Bxf3 16. Rxe8+ Nxe8 17. Qf5 Qc7 18. Qxf3 Bxh2+ 19. Kf1 Be5 20. Bxe5 Nxe5 21. Qe4 Ng6 22. Re1 Nf6 23. Qf3 Re8 24. g3 Rxe1+ 25. Kxe1 Qe5+ 26. Kd2 Qg5+ 27. Ke1 Qe5+ 28. Kf1 Qe7 29. Qf5 Nf8 30. Qf3 Ne6 31. c3 g6 32. Kg1 Kg7 33. Kf1 h5 34. Qe2 Ng4 35. d4 cxd4 36. cxd4 Qd6 37. Qe4 Qxd4 38. Qxd4+ Nxd4 39. Bd5 b6 40. Ke1 f5 41. f4 Nf6 42. Bh1 Ne4 43. Bxe4 fxe4 44. Kd2 Kf6 45. Ke3 Nf5+ 0-1